000 00561nam a2200217Ia 4500
003 OSt
005 20220918192049.0
006 a|||||r|||| 00| 0
007 ta
008 220917b |||||||| |||| 00| 0 eng d
024 _a66,818
037 _cTextual
040 _aARTS
_cARTS
_beng
041 _2eng
_aeng
082 _aR3xL11:4, B8;4 (SL)
100 _aHume David
245 0 _aTreatise of human nature ed by Ernest C Mossner
260 _c1884
942 _hR3xL11:4, B8;4 (SL)
_cTEXL
_2CC
999 _c193051
_d193051